[Event "San Sebastian op"]
[Site "San Sebastian"]
[Date "1993.??.??"]
[Round "?"]
[White "Sanz Alonso, Francisco Javier"]
[Black "Ubilava, Elizbar"]
[Result "0-1"]
[WhiteElo "2420"]
[BlackElo "2530"]
[PlyCount "88"]
[EventDate "1993.04.??"]
[EventType "swiss"]
[EventRounds "9"]
[EventCountry "ESP"]
[SourceTitle "TD"]
[Source "ChessBase"]
[SourceDate "1994.03.01"]
[SourceVersion "1"]
[SourceVersionDate "1994.03.01"]
[SourceQuality "1"]

1. e4 c6 2. d4 g6 3. Nf3 Bg7 4. Bd3 d6 5. h3 Nd7 6. O-O e5 7. dxe5 Nxe5 8. Nxe5
dxe5 9. Nd2 Qc7 10. a4 Nf6 11. f4 exf4 12. Nc4 Nh5 13. Be2 Be6 14. Nd6+ Ke7 15.
Bxh5 Qxd6 16. Qxd6+ Kxd6 17. Bxf4+ Ke7 18. Bf3 Bxb2 19. Rab1 Bd4+ 20. Kh1 b6
21. e5 h6 22. Rbd1 Rad8 23. Bxc6 g5 24. Bg3 Rc8 25. Rxd4 Rxc6 26. Be1 Rhc8 27.
h4 Rc4 28. Rxc4 Rxc4 29. hxg5 hxg5 30. Bd2 g4 31. Rd1 Rxa4 32. Bg5+ Kf8 33. Bf6
Kg8 34. Kh2 Kh7 35. Kg3 Kg6 36. Rd8 Rc4 37. Ra8 Rxc2 38. Rxa7 Rc3+ 39. Kh4 Rc2
40. Kg3 Bd5 41. Rd7 Rxg2+ 42. Kh4 Rh2+ 43. Kg3 Rh3+ 44. Kf2 g3+ 0-1

[Event "San Sebastian op"]
[Site "San Sebastian"]
[Date "1993.??.??"]
[Round "?"]
[White "Ubilava, Elizbar"]
[Black "Yewdokimov, Oleg"]
[Result "1-0"]
[WhiteElo "2530"]
[BlackElo "2380"]
[PlyCount "55"]
[EventDate "1993.04.??"]
[EventType "swiss"]
[EventRounds "9"]
[EventCountry "ESP"]
[SourceTitle "TD"]
[Source "ChessBase"]
[SourceDate "1994.03.01"]
[SourceVersion "1"]
[SourceVersionDate "1994.03.01"]
[SourceQuality "1"]

1. c4 b6 2. Nc3 Bb7 3. d4 e6 4. e4 Bb4 5. Qc2 Qh4 6. d5 f5 7. exf5 exd5 8. cxd5
Qe7+ 9. Be2 Nf6 10. Nf3 Qe4 11. Qxe4+ Nxe4 12. Bd2 Bxc3 13. Bxc3 Nxc3 14. bxc3
Bxd5 15. O-O-O c6 16. Rhe1 O-O 17. g4 Bxa2 18. Ne5 b5 19. Bf3 d5 20. Kb2 Bc4
21. Nxc4 dxc4 22. Re7 a5 23. Be4 a4 24. Ka3 Ra6 25. Rb7 Ra8 26. g5 Kh8 27. f6
g6 28. Bxg6 1-0

[Event "La Coruna op"]
[Site "La Coruna"]
[Date "1993.??.??"]
[Round "?"]
[White "Ubilava, Elizbar"]
[Black "Paramos Dominguez, Roberto"]
[Result "1-0"]
[WhiteElo "2530"]
[BlackElo "2375"]
[PlyCount "87"]
[EventDate "1993.07.??"]
[EventType "swiss"]
[EventRounds "9"]
[EventCountry "ESP"]
[SourceTitle "EXT 1997"]
[Source "ChessBase"]
[SourceDate "1996.11.15"]
[SourceVersion "1"]
[SourceVersionDate "1996.11.15"]
[SourceQuality "1"]

1. c4 g6 2. Nc3 Bg7 3. d4 Nf6 4. e4 d6 5. Be2 O-O 6. Bg5 h6 7. Be3 e5 8. d5 Na6
9. Qd2 Nc5 10. f3 a5 11. O-O-O h5 12. h4 Bd7 13. Nh3 a4 14. Nf2 a3 15. b3 c6
16. dxc6 Bxc6 17. Qxd6 Nxb3+ 18. axb3 a2 19. Nxa2 Qxd6 20. Rxd6 Rxa2 21. Rd2
Ra3 22. Kb2 Rfa8 23. Rd8+ Rxd8 24. Kxa3 Bf8+ 25. Kb2 Nd7 26. Rd1 Be7 27. g3 Ra8
28. Ra1 Rc8 29. Nd1 f5 30. Nc3 f4 31. gxf4 exf4 32. Bxf4 Bxh4 33. b4 Bf6 34.
Bd2 Nb6 35. Kb3 Be8 36. Rc1 Ra8 37. Be3 Na4 38. Nd5 Nc5+ 39. bxc5 Ba4+ 40. Kb4
Bb2 41. Nb6 Bxc1 42. Nxa8 Bxe3 43. Kxa4 h4 44. Bf1 1-0

[Event "Elgoibar 03rd"]
[Site "Elgoibar"]
[Date "1993.??.??"]
[Round "5"]
[White "Ubilava, Elizbar"]
[Black "Saenz, Juan Jose"]
[Result "1-0"]
[WhiteElo "2530"]
[BlackElo "2305"]
[PlyCount "91"]
[EventDate "1993.11.??"]
[EventType "tourn"]
[EventRounds "9"]
[EventCountry "ESP"]
[EventCategory "5"]
[SourceTitle "EXT 1999"]
[Source "ChessBase"]
[SourceDate "1998.11.16"]
[SourceVersion "1"]
[SourceVersionDate "1998.11.16"]
[SourceQuality "1"]

1. c4 e6 2. Nc3 d5 3. d4 c5 4. cxd5 exd5 5. Nf3 Nc6 6. g3 Nf6 7. Bg2 Be7 8. O-O
O-O 9. Bg5 c4 10. Ne5 Be6 11. Nxc6 bxc6 12. b3 cxb3 13. axb3 Qd7 14. Na4 Bh3
15. Bxf6 Bxf6 16. Nc5 Qf5 17. Ra6 Rfc8 18. Qd2 Bxg2 19. Kxg2 h5 20. h3 Rc7 21.
e3 Be7 22. Qd3 Qf6 23. Rc1 g6 24. Qc2 Rac8 25. Qa2 Bxc5 26. Rxc5 Qe7 27. Qc2
Qd7 28. b4 Kg7 29. Raa5 Qd6 30. Ra6 Qd7 31. Rc3 Kh7 32. Ra5 Qe7 33. Rac5 h4 34.
g4 a6 35. Qd3 f5 36. Qd1 Qe4+ 37. Qf3 fxg4 38. hxg4 h3+ 39. Kg3 Rf8 40. Qxe4
dxe4 41. Kxh3 Rxf2 42. Kh4 Rf6 43. Kg5 Rd6 44. Ra3 Rf7 45. Rxa6 Rf3 46. b5 1-0

[Event "Elgoibar 03rd"]
[Site "Elgoibar"]
[Date "1993.??.??"]
[Round "7"]
[White "Sanz Alonso, Francisco Javier"]
[Black "Ubilava, Elizbar"]
[Result "0-1"]
[WhiteElo "2410"]
[BlackElo "2530"]
[PlyCount "82"]
[EventDate "1993.11.??"]
[EventType "tourn"]
[EventRounds "9"]
[EventCountry "ESP"]
[EventCategory "5"]
[SourceTitle "EXT 1999"]
[Source "ChessBase"]
[SourceDate "1998.11.16"]
[SourceVersion "1"]
[SourceVersionDate "1998.11.16"]
[SourceQuality "1"]

1. e4 c5 2. Nf3 d6 3. c3 Nf6 4. h3 a6 5. Bd3 b5 6. O-O Bb7 7. Re1 Nc6 8. Bc2
Rc8 9. a4 b4 10. d4 cxd4 11. cxd4 g6 12. d5 Na5 13. b3 Bg7 14. Ra2 Rb8 15. Be3
O-O 16. Ba7 Ra8 17. Bd4 e6 18. dxe6 fxe6 19. Nbd2 Nd7 20. Bxg7 Kxg7 21. Nf1 Qb6
22. Bb1 Ne5 23. Nxe5 dxe5 24. Rd2 Rad8 25. Re3 Rd4 26. Nh2 Rxd2 27. Qxd2 Rd8
28. Qc1 Rc8 29. Qd2 Rd8 30. Qc1 Qc6 31. Qe1 Qc5 32. Nf3 Nc6 33. Nd2 Nd4 34. Kh2
a5 35. Bd3 Rc8 36. Rg3 Qc3 37. Ba6 Bxa6 38. Rxc3 bxc3 39. Nc4 c2 40. Qxa5 Bxc4
41. Qxe5+ Kg8 0-1

[Event "Elgoibar 03rd"]
[Site "Elgoibar"]
[Date "1993.??.??"]
[Round "8"]
[White "Ubilava, Elizbar"]
[Black "Suba, Mihai"]
[Result "1-0"]
[WhiteElo "2530"]
[BlackElo "2500"]
[PlyCount "131"]
[EventDate "1993.11.??"]
[EventType "tourn"]
[EventRounds "9"]
[EventCountry "ESP"]
[EventCategory "5"]
[SourceTitle "EXT 1999"]
[Source "ChessBase"]
[SourceDate "1998.11.16"]
[SourceVersion "1"]
[SourceVersionDate "1998.11.16"]
[SourceQuality "1"]

1. Nf3 c5 2. g3 b6 3. Bg2 Bb7 4. O-O Nf6 5. d3 g6 6. e4 d6 7. Nh4 Nc6 8. f4 Bg7
9. Nc3 Qd7 10. f5 Nd4 11. g4 O-O-O 12. g5 Ne8 13. Nd5 gxf5 14. c3 fxe4 15. dxe4
e6 16. cxd4 exd5 17. dxc5 dxc5 18. Nf5 Be5 19. exd5 Nd6 20. Nh6 Kb8 21. Bf4
Rhe8 22. Qd2 Ka8 23. Bxe5 Rxe5 24. Rae1 Rxe1 25. Rxe1 Re8 26. Kf2 a5 27. Qf4
Rxe1 28. Kxe1 Qe7+ 29. Kf2 c4 30. h4 b5 31. Qd4 Qc7 32. Ng4 Nf5 33. Qe5 Qc5+
34. Ne3 Nd6 35. Qh8+ Ka7 36. Ke2 b4 37. Qe5 Nb5 38. Be4 c3 39. bxc3 Nxc3+ 40.
Kf3 a4 41. h5 a3 42. Kf4 Ne2+ 43. Kf3 Nd4+ 44. Kf2 b3 45. Bb1 Qc3 46. Qe7 Nb5
47. axb3 Qb2+ 48. Kg3 Qxb1 49. Qc5+ Kb8 50. Qxb5 Qe4 51. Qb6 Qe5+ 52. Kf2 Qc7
53. Qf6 a2 54. d6 Qa5 55. Qh8+ Ka7 56. Qd4+ Ka8 57. d7 a1=Q 58. d8=Q+ Qxd8 59.
Qxa1+ Kb8 60. Qe5+ Ka8 61. Nc4 Qd1 62. Qe8+ Ka7 63. Qe3+ Ka8 64. h6 Bc6 65. Qc3
Qh5 66. Qa5+ 1-0

[Event "Linares Anibal op 01st"]
[Site "Linares"]
[Date "1994.??.??"]
[Round "3"]
[White "Ubilava, Elizbar"]
[Black "Garcia Ares, Felix"]
[Result "1-0"]
[WhiteElo "2535"]
[BlackElo "2305"]
[PlyCount "79"]
[EventDate "1994.01.??"]
[EventType "swiss"]
[EventRounds "9"]
[EventCountry "ESP"]
[SourceTitle "TD"]
[Source "ChessBase"]
[SourceDate "1994.03.01"]
[SourceVersion "1"]
[SourceVersionDate "1994.03.01"]
[SourceQuality "1"]

1. c4 Nf6 2. Nc3 d5 3. cxd5 Nxd5 4. g3 g6 5. Bg2 Nf6 6. d4 Bg7 7. e4 c6 8. Nge2
O-O 9. O-O Na6 10. h3 c5 11. Be3 Nd7 12. d5 Nb6 13. Qb3 c4 14. Qa3 Be5 15. b3
Bd7 16. Qb2 cxb3 17. axb3 Bb5 18. Rfc1 Nb4 19. Qd2 Bxe2 20. Qxe2 Rc8 21. Qd2
Na6 22. f4 Bxc3 23. Rxc3 Rxc3 24. Qxc3 Qd7 25. f5 Rc8 26. Qd4 f6 27. fxg6 hxg6
28. e5 fxe5 29. Qxe5 Qd6 30. Qg5 Nb4 31. Rxa7 N4xd5 32. Rxb7 Rc3 33. Bf4 Nxf4
34. gxf4 Rc1+ 35. Kh2 Rc4 36. Qg3 Nd7 37. b4 Rxf4 38. Be4 Qd2+ 39. Bg2 e5 40.
Rc7 $22 1-0

[Event "Seville op"]
[Site "Seville"]
[Date "1994.??.??"]
[Round "3"]
[White "Cardon, Helmut"]
[Black "Ubilava, Elizbar"]
[Result "0-1"]
[WhiteElo "2375"]
[BlackElo "2535"]
[PlyCount "66"]
[EventDate "1994.01.??"]
[EventType "swiss"]
[EventRounds "9"]
[EventCountry "ESP"]
[SourceTitle "TD"]
[Source "ChessBase"]
[SourceDate "1994.03.01"]
[SourceVersion "1"]
[SourceVersionDate "1994.03.01"]
[SourceQuality "1"]

1. d4 g6 2. c4 Bg7 3. e4 d6 4. Nc3 Nf6 5. Be2 O-O 6. Bg5 Na6 7. Qd2 e5 8. d5
Bd7 9. Bf3 Qe8 10. Nge2 h5 11. h4 Kh7 12. Ng3 Ng8 13. O-O-O f6 14. Be3 Nh6 15.
Be2 Nc5 16. b4 Na4 17. Nxa4 Bxa4 18. Rde1 c6 19. Kb1 a5 20. bxa5 c5 21. Qc3 f5
22. Bg5 f4 23. Nf1 Nf5 24. Ka1 Nd4 25. Bd3 b5 26. cxb5 Bxb5 27. Bb1 Rf7 28. Nd2
Rfa7 29. Nc4 Bxc4 30. Qxc4 Rxa5 31. Rh3 Ra4 32. Qc3 Qb5 33. Rd3 c4 0-1

[Event "Seville op"]
[Site "Seville"]
[Date "1994.??.??"]
[Round "8"]
[White "Ubilava, Elizbar"]
[Black "Ochoa de Echaguen, Francisco Javier"]
[Result "1-0"]
[WhiteElo "2535"]
[BlackElo "2430"]
[PlyCount "45"]
[EventDate "1994.01.??"]
[EventType "swiss"]
[EventRounds "9"]
[EventCountry "ESP"]
[SourceTitle "TD"]
[Source "ChessBase"]
[SourceDate "1994.03.01"]
[SourceVersion "1"]
[SourceVersionDate "1994.03.01"]
[SourceQuality "1"]

1. d4 f5 2. g3 Nf6 3. Bg2 c6 4. Nd2 d5 5. Ngf3 e6 6. Ne5 Bd6 7. Ndf3 O-O 8. O-O
b6 9. c4 Bb7 10. Qc2 Ne4 11. Nd3 c5 12. Bf4 Be7 13. Be5 Nc6 14. Rfd1 Nxe5 15.
dxe5 g5 16. Nfe1 Qe8 17. f3 Qh5 18. e3 d4 19. fxe4 fxe4 20. Nf2 d3 21. Qd2 Qf7
22. Nexd3 Rad8 23. Nxe4 1-0

[Event "Ibercaja op"]
[Site "Zaragoza"]
[Date "1994.??.??"]
[Round "3"]
[White "Ubilava, Elizbar"]
[Black "Glavina, Pablo"]
[Result "1-0"]
[WhiteElo "2535"]
[BlackElo "2395"]
[PlyCount "131"]
[EventDate "1994.04.??"]
[EventType "swiss"]
[EventRounds "9"]
[EventCountry "ESP"]
[SourceTitle "TD"]
[Source "ChessBase"]
[SourceDate "1994.03.01"]
[SourceVersion "1"]
[SourceVersionDate "1994.03.01"]
[SourceQuality "1"]

1. c4 g6 2. Nf3 Bg7 3. g3 d6 4. Bg2 Nf6 5. Nc3 O-O 6. O-O e5 7. b4 e4 8. Ng5
Re8 9. Rb1 Bf5 10. d3 exd3 11. exd3 Nc6 12. Nge4 Nxe4 13. dxe4 Be6 14. Nd5 Ne5
15. Qc2 Nxc4 16. Qxc4 c6 17. Be3 cxd5 18. exd5 Bf5 19. Rbc1 Bb2 20. Rcd1 Qf6
21. Qb5 Bg4 22. Rd2 Qc3 23. Qxb7 Bc1 24. Rd4 Bxe3 25. Rxg4 Bd4 26. Rf4 f5 27.
Rh4 h5 28. Qc6 Qxb4 29. Qc1 Qc5 30. Qd2 Bc3 31. Qd3 Rac8 32. Bf3 Bf6 33. Ra4
Re7 34. Ra6 Rb8 35. Rc6 Qb4 36. a3 Qb2 37. Rxd6 Rb3 38. Qd1 Rxa3 39. Re6 Kg7
40. Rfe1 Qb4 41. Kg2 Rxe6 42. dxe6 Qe7 43. Qd5 Ra6 44. Rb1 Rb6 45. Re1 Rd6 46.
Qc4 a5 47. Bd5 Qd8 48. Bb7 Qb6 49. Bd5 Qd8 50. Bf3 Qe7 51. h3 a4 52. Rb1 Qxe6
53. Rb7+ Be7 54. Qxa4 Kf7 55. Rc7 Qe5 56. Rc8 Rd8 57. Rc6 Rd6 58. Rc7 Rd8 59.
Qb3+ Qe6 60. Qc3 Qf6 61. Qe3 Qe6 62. Qh6 Rc8 63. Rb7 Rg8 64. Qd2 Qe5 65. Qd5+
Qe6 66. Rb6 1-0

[Event "Ibercaja op"]
[Site "Zaragoza"]
[Date "1994.??.??"]
[Round "9"]
[White "Ubilava, Elizbar"]
[Black "Danailov, Silvio"]
[Result "1-0"]
[WhiteElo "2535"]
[BlackElo "2440"]
[PlyCount "99"]
[EventDate "1994.04.??"]
[EventType "swiss"]
[EventRounds "9"]
[EventCountry "ESP"]
[SourceTitle "TD"]
[Source "ChessBase"]
[SourceDate "1994.03.01"]
[SourceVersion "1"]
[SourceVersionDate "1994.03.01"]
[SourceQuality "1"]

1. Nf3 Nf6 2. g3 g6 3. Bg2 Bg7 4. O-O O-O 5. c4 d5 6. cxd5 Nxd5 7. Nc3 Nb6 8.
d3 Nc6 9. Be3 e5 10. Qd2 Re8 11. Bh6 Bh8 12. Rac1 Nd4 13. b4 c6 14. Rfe1 a5 15.
bxa5 Rxa5 16. Rb1 Ra7 17. Rb4 Na8 18. Ra4 Rxa4 19. Nxa4 Nc7 20. Nb6 Bg4 21.
Nxd4 exd4 22. a4 Na6 23. a5 Re5 24. h3 Be6 25. Rb1 Rc5 26. Kh2 Bf6 27. Bf3 Be5
28. Nc4 Bc8 29. Bf4 f6 30. Bxe5 fxe5 31. Bg4 Bxg4 32. hxg4 Qe7 33. Qa2 Kg7 34.
Qa3 Kf8 35. Rb6 Rb5 36. Qc1 Kg7 37. f3 Nc7 38. Rxb5 Nxb5 39. Kg2 h6 40. Kf2 g5
41. Qb2 Qc5 42. Qb3 Qe7 43. Nb6 Qd6 44. Qc4 Nc7 45. Na4 Na6 46. Qb3 Qe7 47. Qb6
Kg6 48. Nb2 Qb4 49. Nc4 Qxb6 50. Nxe5+ 1-0

[Event "Las Palmas-B"]
[Site "Las Palmas"]
[Date "1994.??.??"]
[Round "7"]
[White "Brito Garcia, Alfredo"]
[Black "Ubilava, Elizbar"]
[Result "0-1"]
[WhiteElo "2325"]
[BlackElo "2535"]
[PlyCount "102"]
[EventDate "1994.05.??"]
[EventType "tourn"]
[EventRounds "9"]
[EventCountry "ESP"]
[EventCategory "7"]
[SourceTitle "CBM 042 Extra"]
[Source "ChessBase"]
[SourceDate "1994.11.01"]
[SourceVersion "1"]
[SourceVersionDate "1994.11.01"]
[SourceQuality "1"]

1. d4 Nf6 2. c4 g6 3. Nc3 Bg7 4. e4 d6 5. f3 O-O 6. Nge2 e5 7. Be3 c6 8. Qd2
Nbd7 9. O-O-O a6 10. Kb1 Re8 11. Nc1 b5 12. Nb3 Bb7 13. dxe5 dxe5 14. Qf2 Qb8
15. Be2 Nf8 16. Nc5 Bc8 17. Rd2 Ne6 18. Nxe6 Bxe6 19. Rhd1 Qb7 20. Bf1 Re7 21.
Rd8+ Rxd8 22. Rxd8+ Re8 23. Rxe8+ Nxe8 24. Qd2 Qc7 25. cxb5 axb5 26. a4 b4 27.
Na2 Qa5 28. Nxb4 Bf8 29. Nc2 Qxa4 30. Qd8 Bb3 31. Qd2 c5 32. Kc1 c4 33. Qc3 Ng7
34. Bh6 Bd6 35. Bxg7 Kxg7 36. Be2 Qa7 37. Ne3 Bb4 38. Qxb4 Qxe3+ 39. Qd2 Qg1+
40. Bd1 Bxd1 41. Qxd1 Qxg2 42. h4 h5 43. Kb1 g5 44. Qd6 Qg3 45. hxg5 Qxg5 46.
Qd7 h4 47. Ka2 Qg3 48. Qf5 h3 49. f4 exf4 50. Qe5+ Kh7 51. Qf5+ Kg8 0-1

[Event "Las Palmas-B"]
[Site "Las Palmas"]
[Date "1994.??.??"]
[Round "9"]
[White "Villavicencio Martinez, Adalberto"]
[Black "Ubilava, Elizbar"]
[Result "0-1"]
[WhiteElo "2360"]
[BlackElo "2535"]
[PlyCount "55"]
[EventDate "1994.05.??"]
[EventType "tourn"]
[EventRounds "9"]
[EventCountry "ESP"]
[EventCategory "7"]
[SourceTitle "CBM 042 Extra"]
[Source "ChessBase"]
[SourceDate "1994.11.01"]
[SourceVersion "1"]
[SourceVersionDate "1994.11.01"]
[SourceQuality "1"]

1. e4 c5 2. Nf3 d6 3. c3 Nf6 4. d3 g6 5. g3 Bg7 6. Bg2 O-O 7. O-O Nc6 8. Re1 e5
9. Nbd2 h6 10. a4 Re8 11. Nc4 Be6 12. Qe2 Qc7 13. Bd2 d5 14. exd5 Bxd5 15. Be3
b6 16. a5 b5 17. Na3 Rab8 18. Bxc5 Nxa5 19. Be3 Nb3 20. Rad1 a6 21. c4 Ba8 22.
Qc2 bxc4 23. dxc4 Ng4 24. h3 Nxe3 25. Rxe3 Nc5 26. b3 e4 27. Ne1 f5 28. Nb1
$138 0-1

[Event "Alcobendas op"]
[Site "Alcobendas"]
[Date "1994.??.??"]
[Round "7"]
[White "Arencibia Rodriguez, Walter"]
[Black "Ubilava, Elizbar"]
[Result "0-1"]
[WhiteElo "2480"]
[BlackElo "2525"]
[PlyCount "80"]
[EventDate "1994.11.??"]
[EventType "swiss"]
[EventRounds "9"]
[EventCountry "ESP"]
[SourceTitle "EXT 2000"]
[Source "ChessBase"]
[SourceDate "1999.11.16"]
[SourceVersion "1"]
[SourceVersionDate "1999.11.16"]
[SourceQuality "1"]

1. e4 c5 2. Nf3 d6 3. Bb5+ Bd7 4. Bxd7+ Qxd7 5. O-O Nf6 6. Re1 Nc6 7. c3 e6 8.
d4 cxd4 9. cxd4 d5 10. e5 Ne4 11. Be3 Be7 12. Re2 O-O 13. Ne1 f6 14. f3 Ng5 15.
Nd3 fxe5 16. dxe5 Rf5 17. f4 Ne4 18. Nd2 Nxd2 19. Qxd2 d4 20. Bf2 Qd5 21. a3
Na5 22. Rd1 Nb3 23. Qe1 Rc8 24. Bh4 Bxh4 25. Qxh4 a5 26. Qf2 Rf7 27. g3 Rfc7
28. Qg2 Qxg2+ 29. Kxg2 Rc2 30. Rde1 h5 31. Kf3 Nd2+ 32. Kf2 Kf7 33. Rc1 Ne4+
34. Kf3 Rxc1 35. Nxc1 Nxg3 36. hxg3 Rxc1 37. Rd2 Rc4 38. Ke4 a4 39. Rxd4 Rxd4+
40. Kxd4 g5 0-1

[Event "Elgoibar 04th"]
[Site "Elgoibar"]
[Date "1994.??.??"]
[Round "?"]
[White "Iruzubieta Villaluenga, Jesus Maria"]
[Black "Ubilava, Elizbar"]
[Result "0-1"]
[WhiteElo "2340"]
[BlackElo "2535"]
[PlyCount "58"]
[EventDate "1994.11.??"]
[EventType "tourn"]
[EventRounds "9"]
[EventCountry "ESP"]
[EventCategory "9"]
[SourceTitle "EXT 1997"]
[Source "ChessBase"]
[SourceDate "1996.11.15"]
[SourceVersion "1"]
[SourceVersionDate "1996.11.15"]
[SourceQuality "1"]

1. e4 c5 2. Nc3 Nc6 3. g3 Nf6 4. Bg2 e6 5. f4 d5 6. d3 Be7 7. Nf3 dxe4 8. Nxe4
O-O 9. O-O Qb6 10. c4 Nxe4 11. dxe4 Rd8 12. Qe2 Nd4 13. Qf2 Qa6 14. Nxd4 cxd4
15. b3 b5 16. Rd1 bxc4 17. bxc4 Bb7 18. Rxd4 Rxd4 19. Qxd4 Rd8 20. Qc3 Bxe4 21.
Bxe4 Bf6 22. Bxh7+ Kh8 23. Qf3 Kxh7 24. Rb1 Qxa2 25. Qe4+ g6 26. Be3 Qe2 27. c5
Bd4 28. Qxd4 Rxd4 29. Bxd4 Qd3 0-1

[Event "Elgoibar 05th"]
[Site "Elgoibar"]
[Date "1995.??.??"]
[Round "3"]
[White "Ubilava, Elizbar"]
[Black "Kosten, Anthony C"]
[Result "1-0"]
[WhiteElo "2525"]
[BlackElo "2540"]
[PlyCount "75"]
[EventDate "1995.11.??"]
[EventType "tourn"]
[EventRounds "9"]
[EventCountry "ESP"]
[EventCategory "9"]
[SourceTitle "EXT 1997"]
[Source "ChessBase"]
[SourceDate "1996.11.15"]
[SourceVersion "1"]
[SourceVersionDate "1996.11.15"]
[SourceQuality "1"]

1. Nf3 d5 2. g3 g6 3. c4 e6 4. d4 Bg7 5. Bg2 Ne7 6. O-O O-O 7. Qc2 Nbc6 8. Re1
Nf5 9. e3 a5 10. Nc3 dxc4 11. Qe2 Bd7 12. Qxc4 Nd6 13. Qe2 e5 14. d5 Ne7 15. e4
b5 16. b3 b4 17. Na4 Bb5 18. Qc2 c6 19. dxc6 Bxc6 20. Bb2 Bxe4 21. Qc5 Nef5 22.
Bxe5 Rc8 23. Qa7 Bxf3 24. Bxg7 Kxg7 25. Bxf3 Qf6 26. Nb6 Nd4 27. Bg2 Rc2 28.
Rf1 N6b5 29. Qxa5 Re8 30. Nd5 Qe5 31. Ne3 Rxf2 32. Rxf2 Qxe3 33. Raf1 Re5 34.
Kh1 Nf5 35. Qxb4 Nxg3+ 36. hxg3 Rh5+ 37. Kg1 Nd4 38. Qd2 1-0

[Event "Linares Anibal op 03rd"]
[Site "Linares"]
[Date "1996.??.??"]
[Round "?"]
[White "Mohr, Georg"]
[Black "Ubilava, Elizbar"]
[Result "0-1"]
[WhiteElo "2495"]
[BlackElo "2535"]
[PlyCount "48"]
[EventDate "1996.01.??"]
[EventType "swiss"]
[EventRounds "10"]
[EventCountry "ESP"]
[SourceTitle "EXT 2006"]
[Source "ChessBase"]
[SourceDate "2005.11.24"]
[SourceVersion "1"]
[SourceVersionDate "2005.11.24"]
[SourceQuality "1"]

1. e4 c5 2. Nf3 d6 3. d4 cxd4 4. Nxd4 Nf6 5. Nc3 g6 6. Be3 Bg7 7. f3 Nc6 8. Qd2
O-O 9. Bc4 Bd7 10. O-O-O Ne5 11. Bb3 Rc8 12. h4 h5 13. Bg5 Rc5 14. g4 hxg4 15.
f4 Nc4 16. Qe2 Qc8 17. f5 Nxb2 18. Bxf6 Bxf6 19. Qxg4 Kg7 20. Rhg1 Rh8 21. Bxf7
Kxf7 22. Qxg6+ Kf8 23. Kxb2 Rxc3 24. e5 Bxf5 0-1

[Event "Linares Anibal op 03rd"]
[Site "Linares"]
[Date "1996.??.??"]
[Round "?"]
[White "Ubilava, Elizbar"]
[Black "Ardeleanu, Alin"]
[Result "1-0"]
[WhiteElo "2535"]
[BlackElo "2390"]
[PlyCount "74"]
[EventDate "1996.01.??"]
[EventType "swiss"]
[EventRounds "10"]
[EventCountry "ESP"]
[SourceTitle "CBM 051 Extra"]
[Source "ChessBase"]
[SourceDate "1996.05.01"]
[SourceVersion "1"]
[SourceVersionDate "1996.05.01"]
[SourceQuality "1"]

1. d4 Nf6 2. Nf3 g6 3. c4 Bg7 4. Nc3 O-O 5. e4 d6 6. Be2 Bg4 7. O-O Nfd7 8. Be3
Nc6 9. Ne1 Bxe2 10. Nxe2 Na5 11. b3 c5 12. Rc1 a6 13. Nc3 Nc6 14. Nf3 Qa5 15.
Qd2 Rfc8 16. Rfd1 b5 17. dxc5 Nxc5 18. Nd5 Qd8 19. cxb5 axb5 20. Bxc5 dxc5 21.
Rxc5 e6 22. Qc2 Na7 23. Nc7 Qe7 24. b4 Rab8 25. a3 Rd8 26. Rxd8+ Qxd8 27. e5
Qd7 28. g3 Bh6 29. Kg2 Rb6 30. Qe4 Nc6 31. Nxb5 Bf8 32. Nd6 Bxd6 33. exd6 Qxd6
34. Qh4 Qf8 35. Ng5 h5 36. Qe4 Ne7 37. Rc7 Rd6 $138 1-0

[Event "Linares Anibal op 03rd"]
[Site "Linares"]
[Date "1996.??.??"]
[Round "?"]
[White "Ubilava, Elizbar"]
[Black "Prasad, Devaki V"]
[Result "1-0"]
[WhiteElo "2535"]
[BlackElo "2445"]
[PlyCount "57"]
[EventDate "1996.01.??"]
[EventType "swiss"]
[EventRounds "10"]
[EventCountry "ESP"]
[SourceTitle "CBM 051 Extra"]
[Source "ChessBase"]
[SourceDate "1996.05.01"]
[SourceVersion "1"]
[SourceVersionDate "1996.05.01"]
[SourceQuality "1"]

1. Nf3 Nf6 2. c4 b6 3. g3 Bb7 4. Bg2 e6 5. O-O Be7 6. b3 c5 7. Bb2 O-O 8. d4
cxd4 9. Qxd4 Nc6 10. Qf4 Qb8 11. Nc3 Qxf4 12. gxf4 d5 13. cxd5 exd5 14. Rfd1
Rfd8 15. Rac1 Na5 16. Nb5 Ne4 17. e3 a6 18. Nbd4 g6 19. Ne5 Rac8 20. Bh3 f5 21.
Bf1 Bb4 22. Ne6 Rxc1 23. Rxc1 Rd6 24. Nd4 Bc5 25. Nc2 Nc6 26. b4 Nxb4 27. Nxb4
Bxb4 28. Rc7 Nc5 29. Bd4 1-0

[Event "Ibercaja op-A"]
[Site "Zaragoza"]
[Date "1996.??.??"]
[Round "4"]
[White "Ubilava, Elizbar"]
[Black "Huss, Andreas"]
[Result "1-0"]
[WhiteElo "2535"]
[BlackElo "2380"]
[PlyCount "75"]
[EventDate "1996.04.??"]
[EventType "swiss"]
[EventRounds "9"]
[EventCountry "ESP"]
[SourceTitle "EXT 1997"]
[Source "ChessBase"]
[SourceDate "1996.11.15"]
[SourceVersion "1"]
[SourceVersionDate "1996.11.15"]
[SourceQuality "1"]

1. Nf3 Nf6 2. c4 e6 3. Nc3 Bb4 4. Qc2 O-O 5. a3 Bxc3 6. Qxc3 c5 7. b4 b6 8. e3
Bb7 9. Be2 d6 10. Bb2 Nbd7 11. O-O Qe7 12. Rfe1 e5 13. d4 Ne4 14. Qb3 Rab8 15.
Rad1 f5 16. dxe5 Nxe5 17. Nxe5 dxe5 18. f3 Ng5 19. Qa4 a5 20. Qd7 Qxd7 21. Rxd7
Nf7 22. bxc5 bxc5 23. Bc3 a4 24. Re7 Rfe8 25. Rxe8+ Rxe8 26. Rb1 Bc6 27. Rb6
Rc8 28. Ra6 Kf8 29. Ra7 Rb8 30. Rc7 Rb6 31. Kf2 g6 32. Bd1 h5 33. h4 Ra6 34. g4
fxg4 35. fxg4 hxg4 36. Bxg4 Nh6 37. Bd1 Rb6 38. Bd2 1-0

[Event "Terrassa op"]
[Site "Terrassa"]
[Date "1996.??.??"]
[Round "1"]
[White "Garcia Cano, Antonio"]
[Black "Ubilava, Elizbar"]
[Result "0-1"]
[WhiteElo "2320"]
[BlackElo "2540"]
[PlyCount "86"]
[EventDate "1996.07.??"]
[EventType "swiss"]
[EventRounds "9"]
[EventCountry "ESP"]
[SourceTitle "EXT 2002"]
[Source "ChessBase"]
[SourceDate "2001.11.25"]
[SourceVersion "1"]
[SourceVersionDate "2001.11.25"]
[SourceQuality "1"]

1. e4 c5 2. Nf3 d6 3. c3 Nf6 4. Bc4 e6 5. d3 Be7 6. O-O O-O 7. Qe2 Nc6 8. Rd1
a6 9. a4 Bd7 10. Bb3 b5 11. d4 c4 12. Bc2 e5 13. d5 Na5 14. axb5 Bxb5 15. Na3
Nd7 16. Be3 Qc7 17. Nd2 Nc5 18. Nf1 Bd7 19. Nxc4 Bb5 20. Rxa5 Qxa5 21. Nxa5
Bxe2 22. Rd2 Bb5 23. b4 Bd8 24. Nc6 Nd7 25. Bb3 Nf6 26. Nxd8 Rfxd8 27. f3 Rdc8
28. Rc2 Bd3 29. Rc1 a5 30. bxa5 Rxa5 31. Nd2 Nd7 32. Kf2 f5 33. exf5 Bxf5 34.
g4 Bg6 35. Nc4 Ra6 36. Nd2 Ra3 37. c4 Nc5 38. Bxc5 Rxc5 39. Bc2 Rc3 40. Bxg6
Rxc1 41. Bd3 Ra5 42. Ne4 Ra2+ 43. Kg3 Rg1+ 0-1